000 00665cam a2200205 a 4500
001 000004602
005 20200929151452.0
008 920812s1991 sp 000 f spa d
020 _a8435094006
040 _aDO-SdBNP
_bspa
_cBNPHU
082 _a863.64
_bG216u
100 1 _aGarcía Pavón, Francisco,
_d1919-1989
_94703
245 1 4 _aUna tarde lenta /
_cFrancisco García Pavón ; selección de Francisco J. Rodríguez Oquendo.
260 _aBarcelona :
_bEdhasa,
_c1991.
300 _a152 p. ;
_c19 cm.
440 0 _aRelatos
_913421
650 4 _aNovela española
_91123
650 4 _aLiteratura española
_9632
700 1 _aRodríquez Oquendo, Francisco J.
_913422
999 _c4410
_d4410